[Event "Pilsen Region-chT 2223"]
[Site "Czech Republic"]
[Date "2023.04.02"]
[Round "11.3"]
[White "Chmel, Kristian"]
[Black "Hodan, Jiri"]
[Result "1-0"]
[WhiteElo "2135"]
[BlackElo "1865"]
[PlyCount "53"]
[EventDate "2022.10.09"]
[EventType "team-tourn"]
[EventRounds "11"]
[EventCountry "CZE"]
[SourceTitle "EXT 2024"]
[Source "ChessBase"]
[SourceDate "2023.10.10"]
[SourceVersion "1"]
[SourceVersionDate "2023.10.10"]
[SourceQuality "1"]
[WhiteTeam "Dvorec"]
[BlackTeam "Petrin"]
[WhiteTeamCountry "CZE"]
[BlackTeamCountry "CZE"]

1. e4 e5 2. Nf3 Nc6 3. Bb5 Nf6 4. d4 exd4 5. 0-0 Be7 6. Re1 0-0 7. e5 Nd5 8. Nxd4 Bg5 9. Bxg5 Qxg5 10. Nf3 Qf4 11. Qxd5 Qb4 12. Qb3 Qf4 13. Bxc6 dxc6 14. Nbd2 Bf5 15. Nf1 h5 16. Rad1 c5 17. Ng3 Bg4 18. h3 Be6 19. Qe3 Qc4 20. Nxh5 Qxc2 21. Qg5 g6 22. Nf4 Qf5 23. Nxe6 Qxe6 24. Qh6 Rfd8 25. Ng5 Qxa2 26. Rxd8+ Rxd8 27. e6 1-0

[Event "Plzen op 11th"]
[Site "Plzen"]
[Date "2023.03.05"]
[Round "2"]
[White "Hodan, Jiri"]
[Black "Zubova, Mariya"]
[Result "0-1"]
[WhiteElo "1882"]
[BlackElo "2226"]
[PlyCount "42"]
[EventDate "2023.03.04"]
[EventType "swiss"]
[EventRounds "9"]
[EventCountry "CZE"]
[SourceTitle "CBM 213 Extra"]
[Source "ChessBase"]
[SourceDate "2023.05.31"]
[SourceVersion "1"]
[SourceVersionDate "2023.05.31"]
[SourceQuality "1"]

1. e4 e5 2. Nf3 Nc6 3. Bc4 Bc5 4. c3 Nf6 5. d4 exd4 6. e5 d5 7. Bb5 Ne4 8. cxd4 Bb6 9. Nc3 0-0 10. Be3 Bf5 11. Rc1 Ne7 12. Bd3 f6 13. Qc2 fxe5 14. Nxd5 Nxd5 15. Bxe4 Nxe3 16. fxe3 Bxe4 17. Qxe4 exd4 18. Nxd4 Re8 19. Qxb7 Bxd4 20. Rxc7 Rb8 21. Qc6 Bxe3 0-1

[Event "Pilsen Region-chT 2223"]
[Site "Czech Republic"]
[Date "2022.12.11"]
[Round "5.3"]
[White "Hodan, Jiri"]
[Black "Grussova, Helena"]
[Result "1-0"]
[WhiteElo "1865"]
[BlackElo "2056"]
[PlyCount "87"]
[EventDate "2022.10.09"]
[EventType "team-tourn"]
[EventRounds "11"]
[EventCountry "CZE"]
[SourceTitle "EXT 2024"]
[Source "ChessBase"]
[SourceDate "2023.10.10"]
[SourceVersion "1"]
[SourceVersionDate "2023.10.10"]
[SourceQuality "1"]
[WhiteTeam "Petrin"]
[BlackTeam "Line III"]
[WhiteTeamCountry "CZE"]
[BlackTeamCountry "CZE"]

1. e4 e5 2. Nf3 Nc6 3. Bc4 Be7 4. c3 Nf6 5. d3 0-0 6. 0-0 d6 7. Nbd2 Bg4 8. Re1 h6 9. Nf1 Nh7 10. h3 Bh5 11. Ng3 Bg6 12. a4 Kh8 13. d4 exd4 14. cxd4 Ng5 15. Nh2 f5 16. exf5 Bxf5 17. Nxf5 Rxf5 18. Bd3 Rd5 19. Qh5 Rxd4 20. Bxg5 Rxd3 21. Bxh6 Qe8 22. Qf5 Rb3 23. Bg5 Qf8 24. Qg4 Bxg5 25. Qxg5 Rxb2 26. Ng4 Rc2 27. Re6 Rc5 28. Qh4+ Kg8 29. Rae1 Qf5 30. Nh6+ gxh6 31. Qxh6 Kf7 32. g4 Rg8 33. R1e4 Rc4 34. Rxc4 Qxe6 35. Qh7+ Rg7 36. Rf4+ Qf6 37. Rxf6+ Kxf6 38. Qh6+ Kf7 39. Qh5+ Ke7 40. Qb5 Nd8 41. f4 c6 42. Qa5 Ne6 43. f5 Nc5 44. Qc7+ 1-0

[Event "Pilsen Region-chT 2223"]
[Site "Czech Republic"]
[Date "2022.11.27"]
[Round "4.3"]
[White "Budka, Jan"]
[Black "Hodan, Jiri"]
[Result "1-0"]
[WhiteElo "2163"]
[BlackElo "1865"]
[PlyCount "77"]
[EventDate "2022.10.09"]
[EventType "team-tourn"]
[EventRounds "11"]
[EventCountry "CZE"]
[SourceTitle "EXT 2024"]
[Source "ChessBase"]
[SourceDate "2023.10.10"]
[SourceVersion "1"]
[SourceVersionDate "2023.10.10"]
[SourceQuality "1"]
[WhiteTeam "Domazlice"]
[BlackTeam "Petrin"]
[WhiteTeamCountry "CZE"]
[BlackTeamCountry "CZE"]

1. e4 e5 2. Nf3 Nc6 3. d4 exd4 4. Nxd4 Bc5 5. c3 Qh4 6. Be3 Nxd4 7. cxd4 Bb4+ 8. Nc3 Qxe4 9. Qd2 Qg6 10. Bd3 Qxg2 11. 0-0-0 Qc6 12. Rhg1 Ne7 13. Qc2 Bxc3 14. bxc3 Kf8 15. Rg5 d5 16. Qb3 a5 17. Bf4 Qf6 18. Bd2 Qd6 19. Re1 c6 20. Rge5 Be6 21. Bg5 Ng6 22. R5e3 b5 23. Rf3 Re8 24. a4 b4 25. h4 Kg8 26. h5 Nf8 27. Bf4 Qd7 28. cxb4 Bg4 29. Rxe8 Qxe8 30. Re3 Ne6 31. h6 Qd8 32. hxg7 Nxg7 33. Rg3 Bh5 34. bxa5 Bg6 35. Qb8 Qxb8 36. Bxb8 Bxd3 37. Rxd3 Ne6 38. Be5 Nf4 39. Rg3+ 1-0

[Event "Pilsen Region-chT 2223"]
[Site "Czech Republic"]
[Date "2022.10.30"]
[Round "2.3"]
[White "Marik, Jiri"]
[Black "Hodan, Jiri"]
[Result "1-0"]
[WhiteElo "2008"]
[BlackElo "1865"]
[PlyCount "69"]
[EventDate "2022.10.09"]
[EventType "team-tourn"]
[EventRounds "11"]
[EventCountry "CZE"]
[SourceTitle "EXT 2024"]
[Source "ChessBase"]
[SourceDate "2023.10.10"]
[SourceVersion "1"]
[SourceVersionDate "2023.10.10"]
[SourceQuality "1"]
[WhiteTeam "Loko"]
[BlackTeam "Petrin"]
[WhiteTeamCountry "CZE"]
[BlackTeamCountry "CZE"]

1. Nf3 Nf6 2. c4 e6 3. g3 d5 4. cxd5 exd5 5. Bg2 Bd6 6. 0-0 0-0 7. Nc3 c6 8. a3 a5 9. d3 Re8 10. Re1 Bc5 11. d4 Bd6 12. Qc2 Nbd7 13. Nd2 Ng4 14. h3 Ngf6 15. Nf1 Nf8 16. Bd2 Ne4 17. Nxe4 Bf5 18. Qb3 Bxe4 19. f3 Bf5 20. Qxb7 Bd7 21. Qb3 Qc7 22. f4 h5 23. Rac1 a4 24. Qf3 Rab8 25. Bc3 h4 26. e3 hxg3 27. Nxg3 Ng6 28. Rc2 Rb3 29. Qf2 Nh4 30. Ree2 Nxg2 31. Qxg2 Qc8 32. Nh5 Kf8 33. Qxg7+ Ke7 34. Qf6+ Kf8 35. Qxd6+ 1-0

[Event "Plzen op"]
[Site "Plzen"]
[Date "2021.08.28"]
[Round "8"]
[White "Hodan, Jiri"]
[Black "Pokrupa, Marek"]
[Result "0-1"]
[WhiteElo "1873"]
[BlackElo "2137"]
[PlyCount "48"]
[EventDate "2021.08.23"]
[EventType "swiss"]
[EventRounds "9"]
[EventCountry "CZE"]
[SourceTitle "CBM 204 Extra"]
[Source "ChessBase"]
[SourceDate "2021.11.30"]
[SourceVersion "1"]
[SourceVersionDate "2021.11.30"]
[SourceQuality "1"]

1. e4 c5 2. c3 Nf6 3. e5 Nd5 4. d4 cxd4 5. cxd4 Nc6 6. Nc3 Nxc3 7. bxc3 g6 8. h4 h5 9. Bd3 d6 10. Qa4 dxe5 11. Nf3 exd4 12. Bf4 Bg7 13. Be5 0-0 14. Bxg7 Kxg7 15. Rd1 e5 16. Bb5 Bg4 17. Rd2 Bxf3 18. gxf3 Qf6 19. Bxc6 bxc6 20. cxd4 Qxf3 21. Rg1 Qe4+ 22. Kf1 c5 23. Re2 Qb1+ 24. Kg2 Qb7+ 0-1

[Event "Plzen op"]
[Site "Plzen"]
[Date "2021.08.24"]
[Round "2"]
[White "Hodan, Jiri"]
[Black "Zahorbensky, Jaroslav"]
[Result "1/2-1/2"]
[WhiteElo "1873"]
[BlackElo "2086"]
[PlyCount "60"]
[EventDate "2021.08.23"]
[EventType "swiss"]
[EventRounds "9"]
[EventCountry "CZE"]
[SourceTitle "CBM 204 Extra"]
[Source "ChessBase"]
[SourceDate "2021.11.30"]
[SourceVersion "1"]
[SourceVersionDate "2021.11.30"]
[SourceQuality "1"]

1. e4 g6 2. d4 Nf6 3. e5 Nh5 4. f4 Ng7 5. Nf3 d5 6. Bd3 Bg4 7. h3 Bxf3 8. Qxf3 e6 9. Nd2 c5 10. Bb5+ Nc6 11. dxc5 Bxc5 12. Nb3 Qb6 13. Bxc6+ bxc6 14. Nxc5 Qxc5 15. Qc3 Qxc3+ 16. bxc3 Rb8 17. Be3 a6 18. Kd2 Nf5 19. Rhb1 Kd7 20. Rb3 Rb5 21. a4 Rxb3 22. cxb3 Rb8 23. b4 d4 24. Bf2 dxc3+ 25. Kxc3 Ne7 26. Bc5 Nd5+ 27. Kc4 h5 28. h4 Rb7 29. g3 Kc8 30. Ra3 Kd7 1/2-1/2

[Event "Plzen Calliditas op"]
[Site "Plzen"]
[Date "2020.08.30"]
[Round "9"]
[White "Hoke, Petr"]
[Black "Hodan, Jiri"]
[Result "1-0"]
[WhiteElo "1980"]
[BlackElo "1871"]
[PlyCount "69"]
[EventDate "2020.08.23"]
[EventType "swiss"]
[EventRounds "9"]
[EventCountry "CZE"]
[SourceTitle "CBM 198 Extra"]
[Source "ChessBase"]
[SourceDate "2020.11.30"]
[SourceVersion "1"]
[SourceVersionDate "2020.11.30"]
[SourceQuality "1"]

1. g3 d5 2. Bg2 e5 3. d3 Nc6 4. a3 h5 5. h3 Be6 6. b4 f5 7. Bb2 Bd6 8. Nd2 e4 9. Bxg7 Rh7 10. Bb2 e3 11. Ndf3 f4 12. b5 exf2+ 13. Kxf2 fxg3+ 14. Ke1 Nce7 15. Ng5 Rh6 16. e4 Bf4 17. Nxe6 Rxe6 18. Qxh5+ Ng6 19. Ne2 Qg5 20. Qxg5 Bxg5 21. exd5 Re7 22. Be4 Nf4 23. h4 g2 24. Rg1 Bxh4+ 25. Kd2 Bf2 26. Nxf4 Bxg1 27. Bg6+ Kd7 28. Rxg1 Rf8 29. Nh3 Rf3 30. Rxg2 Nh6 31. Ng5 Rf1 32. Ne4 Ng8 33. Nc5+ Kd6 34. Nxb7+ Kxd5 35. Be4+ 1-0

[Event "Plzen Calliditas op"]
[Site "Plzen"]
[Date "2020.08.27"]
[Round "6"]
[White "Hodan, Jiri"]
[Black "Nosek, Jan"]
[Result "0-1"]
[WhiteElo "1871"]
[BlackElo "1968"]
[PlyCount "100"]
[EventDate "2020.08.23"]
[EventType "swiss"]
[EventRounds "9"]
[EventCountry "CZE"]
[SourceTitle "CBM 198 Extra"]
[Source "ChessBase"]
[SourceDate "2020.11.30"]
[SourceVersion "1"]
[SourceVersionDate "2020.11.30"]
[SourceQuality "1"]

1. e4 c5 2. Nf3 d6 3. c3 Nf6 4. d3 g6 5. Be2 Bg7 6. 0-0 0-0 7. Nbd2 e5 8. d4 exd4 9. cxd4 Nc6 10. dxc5 dxc5 11. Bb5 Nd4 12. Nxd4 Qxd4 13. Qa4 Qxa4 14. Bxa4 Rd8 15. f3 Nd7 16. Nc4 Nb6 17. Bb3 Nxc4 18. Bxc4 Rd4 19. Bd5 Be6 20. Bxe6 fxe6 21. Be3 Rc4 22. Rac1 Rxc1 23. Rxc1 b6 24. b3 Rd8 25. Kf1 Kf7 26. Ke2 Bd4 27. b4 Bxe3 28. Kxe3 Rc8 29. bxc5 bxc5 30. Kd3 Rd8+ 31. Kc3 Rd4 32. Rb1 Ra4 33. Rb7+ Kf6 34. Kb3 Ra6 35. Rxh7 Rb6+ 36. Kc3 Ra6 37. Kb2 Ke5 38. Rd7 Rb6+ 39. Kc3 Ra6 40. Rd2 Ra4 41. Kd3 g5 42. Rc2 c4+ 43. Ke2 Kd4 44. h3 c3 45. g3 Rb4 46. h4 gxh4 47. gxh4 Rb2 48. Kd1 Kd3 49. Rxc3+ Kxc3 50. f4 Kd3 0-1

[Event "Plzen Calliditas op"]
[Site "Plzen"]
[Date "2020.08.26"]
[Round "5"]
[White "Bullen, Alex"]
[Black "Hodan, Jiri"]
[Result "1-0"]
[WhiteElo "2116"]
[BlackElo "1871"]
[PlyCount "67"]
[EventDate "2020.08.23"]
[EventType "swiss"]
[EventRounds "9"]
[EventCountry "CZE"]
[SourceTitle "CBM 198 Extra"]
[Source "ChessBase"]
[SourceDate "2020.11.30"]
[SourceVersion "1"]
[SourceVersionDate "2020.11.30"]
[SourceQuality "1"]

1. d4 d5 2. Nf3 Nf6 3. c4 c6 4. Qc2 e6 5. g3 c5 6. cxd5 exd5 7. Bg2 Nc6 8. 0-0 cxd4 9. Nbd2 Be7 10. Nb3 Nb4 11. Qd1 d3 12. exd3 Bf5 13. Ne1 0-0 14. Bf4 Rc8 15. Nd4 Bg4 16. Qb3 Qb6 17. Ndf3 Bc5 18. Be5 d4 19. a3 Be6 20. Qd1 Nbd5 21. b4 Be7 22. Bxd4 Qb5 23. Qd2 Ng4 24. Bb2 Qb6 25. Ne5 Bf6 26. Nxg4 Bxg4 27. Bxd5 Rfe8 28. Bf3 Bxf3 29. Nxf3 Qc6 30. Bxf6 Qxf3 31. Bd4 Re2 32. Qf4 Qxd3 33. Qg4 Qb1 34. Qxg7# 1-0

[Event "Liberec op 20th"]
[Site "Liberec"]
[Date "2020.02.27"]
[Round "7"]
[White "Nehyba, Martin"]
[Black "Hodan, Jiri"]
[Result "1-0"]
[WhiteElo "2170"]
[BlackElo "1851"]
[PlyCount "57"]
[EventDate "2020.02.22"]
[EventType "swiss"]
[EventRounds "9"]
[EventCountry "CZE"]
[SourceTitle "CBM 195 Extra"]
[Source "ChessBase"]
[SourceDate "2020.05.31"]
[SourceVersion "1"]
[SourceVersionDate "2020.05.31"]
[SourceQuality "1"]

1. c4 c5 2. Nc3 Nc6 3. g3 g6 4. Bg2 Bg7 5. e3 d6 6. Nge2 e5 7. 0-0 Nge7 8. a3 0-0 9. Rb1 f5 10. d3 a5 11. b3 Be6 12. Qc2 Qc7 13. Nb5 Qd7 14. Bb2 Rad8 15. Rfd1 d5 16. cxd5 Bxd5 17. Bxd5+ Qxd5 18. Nc7 Qd7 19. Qc4+ Rf7 20. Nb5 Qd5 21. Nec3 Qxc4 22. dxc4 Rff8 23. Na4 Rxd1+ 24. Rxd1 Rd8 25. Rxd8+ Nxd8 26. Nxc5 Nc8 27. Bc3 Bf8 28. Nd7 Bxa3 29. Nxa3 1-0

[Event "Liberec op 20th"]
[Site "Liberec"]
[Date "2020.02.23"]
[Round "2"]
[White "Hodan, Jiri"]
[Black "Sernecki, Franciszek"]
[Result "0-1"]
[WhiteElo "1851"]
[BlackElo "2218"]
[PlyCount "48"]
[EventDate "2020.02.22"]
[EventType "swiss"]
[EventRounds "9"]
[EventCountry "CZE"]
[SourceTitle "CBM 195 Extra"]
[Source "ChessBase"]
[SourceDate "2020.05.31"]
[SourceVersion "1"]
[SourceVersionDate "2020.05.31"]
[SourceQuality "1"]

1. d4 Nf6 2. c4 e6 3. Nf3 d5 4. g3 dxc4 5. Bg2 c5 6. Qa4+ Nc6 7. Ne5 Bd7 8. Nxd7 Qxd7 9. dxc5 Bxc5 10. Qxc4 Rc8 11. Be3 Bxe3 12. fxe3 Nd5 13. Bxd5 exd5 14. Qf4 0-0 15. Nc3 Qe6 16. 0-0-0 d4 17. exd4 Nb4 18. d5 Nxd5 19. Qd2 Ne3 20. Kb1 Nxd1 21. Rxd1 b5 22. Nxb5 Qf5+ 23. Qd3 Rfd8 24. Nd6 Rxd6 0-1

[Event "Liberec op 19th"]
[Site "Liberec"]
[Date "2019.03.02"]
[Round "9"]
[White "Wuensch, Ulrich"]
[Black "Hodan, Jiri"]
[Result "1-0"]
[WhiteElo "2064"]
[BlackElo "1865"]
[PlyCount "91"]
[EventDate "2019.02.23"]
[EventType "swiss"]
[EventRounds "9"]
[EventCountry "CZE"]
[SourceTitle "CBM 189 Extra"]
[Source "ChessBase"]
[SourceDate "2019.06.03"]
[SourceVersion "1"]
[SourceVersionDate "2019.06.03"]
[SourceQuality "1"]

1. d4 Nf6 2. Nf3 e6 3. e3 d5 4. Bd3 c5 5. b3 cxd4 6. exd4 Bd6 7. 0-0 Nc6 8. Re1 0-0 9. Bb2 Qc7 10. a3 a6 11. Nbd2 Re8 12. Ne5 g6 13. Qf3 Nh5 14. Nf1 Ng7 15. Ng4 Rf8 16. Nf6+ Kh8 17. c4 Be7 18. cxd5 Bxf6 19. dxc6 Be7 20. Be4 bxc6 21. Bxc6 Rb8 22. Rac1 Qa5 23. b4 Qf5 24. Qg3 Bb7 25. d5 Rfd8 26. Qc3 f6 27. Ng3 Qf4 28. Bxb7 Rxb7 29. dxe6 Ne8 30. Ne4 Rc7 31. Nc5 Rd2 32. Rf1 Nd6 33. g3 Qh6 34. Qb3 Nf5 35. Nxa6 Nxg3 36. hxg3 Rxb2 37. Qxb2 Ra7 38. Rc8+ Kg7 39. Rc7 Rxa6 40. Rxe7+ Kg8 41. Qc1 Qf8 42. Rf7 Qe8 43. Qc7 Rxe6 44. Rg7+ Kf8 45. Rxh7 Re7 46. Qxe7+ 1-0

[Event "Plzen op 9th"]
[Site "Plzen"]
[Date "2017.11.21"]
[Round "3"]
[White "Eret, Jonas"]
[Black "Hodan, Jiri"]
[Result "1-0"]
[WhiteElo "2205"]
[BlackElo "1917"]
[PlyCount "149"]
[EventDate "2017.11.19"]
[EventType "swiss"]
[EventRounds "7"]
[EventCountry "CZE"]
[SourceTitle "CBM 181 Extra"]
[Source "ChessBase"]
[SourceDate "2017.12.12"]
[SourceVersion "1"]
[SourceVersionDate "2017.12.12"]
[SourceQuality "1"]

1. d4 Nf6 2. Nf3 g6 3. Bf4 Bg7 4. e3 d6 5. c3 0-0 6. h3 Nfd7 7. Be2 e5 8. Bh2 f5 9. Na3 c6 10. Nc4 Qe7 11. dxe5 dxe5 12. Qd6 Re8 13. Qxe7 Rxe7 14. Nd6 Nb6 15. Nxc8 Nxc8 16. Bc4+ Kh8 17. 0-0-0 Nd7 18. Nxe5 Bxe5 19. Rxd7 Bxh2 20. Rd8+ Kg7 21. Rxh2 Nb6 22. Rxa8 Nxa8 23. Rh1 Nb6 24. Bb3 Kf6 25. Rd1 Nd7 26. Rd4 Nc5 27. Bc2 Ne4 28. Bxe4 fxe4 29. c4 Kf5 30. Kd2 h5 31. Kc3 g5 32. Rd8 g4 33. hxg4+ hxg4 34. Rf8+ Ke5 35. Kd2 b5 36. cxb5 cxb5 37. Rf4 Rd7+ 38. Kc2 Rg7 39. Kb3 a5 40. a4 b4 41. Rf8 g3 42. f4+ exf3 43. Rxf3 Rg4 44. Kc2 Rc4+ 45. Kd3 Rg4 46. Rf8 b3 47. e4 Rh4 48. Rf5+ Ke6 49. Rg5 Rf4 50. Rxg3 Rf2 51. Kc3 Re2 52. Kxb3 Rxe4 53. Rg5 Kd6 54. Rxa5 Rg4 55. Rb5 Kc6 56. Rb4 Rg3+ 57. Ka2 Rxg2 58. Ka3 Rg5 59. Rb8 Rg4 60. a5 Rh4 61. b4 Kc7 62. Rb6 Rh3+ 63. Ka4 Rh5 64. Rg6 Rh7 65. a6 Kb8 66. Ka5 Ka8 67. b5 Rh8 68. Rc6 Kb8 69. Rc5 Rh1 70. b6 Ra1+ 71. Kb5 Rb1+ 72. Kc6 Ra1 73. a7+ Ka8 74. b7+ Kxa7 75. Kc7 1-0

[Event "Plzen op 9th"]
[Site "Plzen"]
[Date "2017.11.19"]
[Round "1"]
[White "Kotesovec, Daniel"]
[Black "Hodan, Jiri"]
[Result "0-1"]
[WhiteElo "1502"]
[BlackElo "1917"]
[PlyCount "46"]
[EventDate "2017.11.19"]
[EventType "swiss"]
[EventRounds "7"]
[EventCountry "CZE"]
[SourceTitle "CBM 181 Extra"]
[Source "ChessBase"]
[SourceDate "2017.12.12"]
[SourceVersion "1"]
[SourceVersionDate "2017.12.12"]
[SourceQuality "1"]

1. e4 e5 2. Nf3 Nc6 3. Bb5 Nf6 4. 0-0 Nxe4 5. Re1 Nd6 6. Bxc6 dxc6 7. Nxe5 Be6 8. d3 Be7 9. Nd2 0-0 10. Ndf3 Nf5 11. a3 c5 12. c3 Re8 13. d4 cxd4 14. Nxd4 Nxd4 15. Qxd4 Qxd4 16. cxd4 Rad8 17. Be3 f6 18. Nd3 Bd6 19. Rad1 g5 20. f3 Bc4 21. Nc5 Bxc5 22. Rc1 Bxd4 23. Bxd4 Rxe1+ 0-1

[Event "Klatovy op-A 23rd"]
[Site "Klatovy"]
[Date "2017.07.08"]
[Round "8"]
[White "Skopec, Lubos"]
[Black "Hodan, Jiri"]
[Result "1-0"]
[WhiteElo "1972"]
[BlackElo "1876"]
[PlyCount "53"]
[EventDate "2017.07.01"]
[EventType "swiss"]
[EventRounds "9"]
[EventCountry "CZE"]
[SourceTitle "EXT 2018"]
[Source "ChessBase"]
[SourceDate "2017.10.13"]
[SourceVersion "1"]
[SourceVersionDate "2017.10.13"]
[SourceQuality "1"]

1. e4 e5 2. Nf3 Nc6 3. c3 Nf6 4. d4 exd4 5. e5 Qe7 6. cxd4 d6 7. Bb5 Bd7 8. 0-0 Ng8 9. Bg5 f6 10. exf6 gxf6 11. Re1 fxg5 12. Rxe7+ Bxe7 13. Nxg5 Nf6 14. d5 Ne5 15. Bxd7+ Kxd7 16. f4 Ng6 17. f5 Ne5 18. Ne6 Rhg8 19. Nc3 Rg4 20. h3 Rg3 21. Qa4+ c6 22. dxc6+ bxc6 23. Ne2 Re3 24. Qa6 Rxe2 25. Qb7+ Ke8 26. Qxa8+ Kf7 27. Nd4 1-0

[Event "Klatovy op-A 23rd"]
[Site "Klatovy"]
[Date "2017.07.07"]
[Round "7"]
[White "Hodan, Jiri"]
[Black "Richter, Martin"]
[Result "1-0"]
[WhiteElo "1876"]
[BlackElo "1945"]
[PlyCount "105"]
[EventDate "2017.07.01"]
[EventType "swiss"]
[EventRounds "9"]
[EventCountry "CZE"]
[SourceTitle "EXT 2018"]
[Source "ChessBase"]
[SourceDate "2017.10.13"]
[SourceVersion "1"]
[SourceVersionDate "2017.10.13"]
[SourceQuality "1"]

1. e4 e6 2. d4 d5 3. Nd2 c5 4. exd5 Qxd5 5. dxc5 Bxc5 6. Ngf3 Nf6 7. Bc4 Qd6 8. 0-0 0-0 9. Nb3 Qxd1 10. Rxd1 Be7 11. a4 Nc6 12. Nbd4 Bd7 13. Be3 Nxd4 14. Bxd4 Bc6 15. Ne5 Be4 16. Bd3 Rfd8 17. Bxe4 Nxe4 18. c3 f6 19. Nf3 e5 20. Be3 Bc5 21. Bxc5 Nxc5 22. Rxd8+ Rxd8 23. Kf1 Nb3 24. Re1 Kf7 25. g3 Nc5 26. Ra1 Ke6 27. Ke2 h6 28. b4 Ne4 29. Rc1 f5 30. Rc2 g5 31. c4 g4 32. Nh4 f4 33. gxf4 exf4 34. f3 Ng5 35. fxg4 h5 36. gxh5 Rh8 37. Ng6 f3+ 38. Kf2 Rh6 39. h4 Nf7 40. Kxf3 Kf5 41. Ne7+ Ke6 42. Nd5 Ne5+ 43. Ke4 Nd7 44. Nf4+ Ke7 45. Rg2 Nf6+ 46. Kf5 Nxh5 47. Nxh5 Rxh5+ 48. Kg4 Re5 49. Kf4 Rh5 50. Re2+ Kf6 51. Kg4 Rf5 52. Re4 Rf1 53. Rf4+ 1-0

[Event "Klatovy op-A 23rd"]
[Site "Klatovy"]
[Date "2017.07.04"]
[Round "4"]
[White "Kubat, Miroslav"]
[Black "Hodan, Jiri"]
[Result "0-1"]
[WhiteElo "1983"]
[BlackElo "1876"]
[PlyCount "138"]
[EventDate "2017.07.01"]
[EventType "swiss"]
[EventRounds "9"]
[EventCountry "CZE"]
[SourceTitle "EXT 2018"]
[Source "ChessBase"]
[SourceDate "2017.10.13"]
[SourceVersion "1"]
[SourceVersionDate "2017.10.13"]
[SourceQuality "1"]

1. e4 e5 2. Nc3 Nc6 3. g3 Bc5 4. Bg2 Nf6 5. Nf3 0-0 6. 0-0 d6 7. h3 a6 8. a4 Be6 9. d3 h6 10. Kh2 d5 11. exd5 Nxd5 12. Nxd5 Bxd5 13. Qe2 Qf6 14. c3 Rfe8 15. b4 Bd6 16. Be3 e4 17. dxe4 Bxe4 18. Rac1 Re7 19. Qd1 Rd8 20. Nd4 Bxg2 21. Kxg2 Nxd4 22. Bxd4 Be5 23. Bxe5 Rxe5 24. Qf3 Qxf3+ 25. Kxf3 Rd3+ 26. Kg2 Kf8 27. Rfd1 Red5 28. Rxd3 Rxd3 29. Rc2 Ke7 30. Kf1 Rd1+ 31. Ke2 Rd5 32. Ke3 Ke6 33. a5 b6 34. axb6 cxb6 35. c4 Rd8 36. Ra2 Ra8 37. f4 a5 38. Ke4 f5+ 39. Ke3 Kd6 40. Kd4 g6 41. c5+ bxc5+ 42. bxc5+ Kc6 43. Kc4 a4 44. Ra3 Re8 45. Rc3 Re4+ 46. Kd3 Rb4 47. Kc2 Rb5 48. Re3 Kxc5 49. Re5+ Kc4 50. Re6 g5 51. fxg5 hxg5 52. Rg6 a3 53. Ra6 Kb4 54. Kb1 Kc3+ 55. Ka2 f4 56. gxf4 gxf4 57. Rf6 Rb2+ 58. Kxa3 Rb1 59. Ka4 Rf1 60. Kb5 Kd4 61. Kc6 Ke5 62. Rf8 Rc1+ 63. Kd7 Rh1 64. Re8+ Kd4 65. Ra8 f3 66. Ra2 Ke3 67. Ke6 f2 68. Ra3+ Kf4 69. Ra4+ Kg3 0-1

[Event "Plzen op 8th"]
[Site "Plzen"]
[Date "2016.10.12"]
[Round "4"]
[White "Montero, Kusevic"]
[Black "Hodan, Jiri"]
[Result "1/2-1/2"]
[WhiteElo "2014"]
[BlackElo "1808"]
[PlyCount "43"]
[EventDate "2016.10.09"]
[EventType "swiss"]
[EventRounds "7"]
[EventCountry "CZE"]
[SourceTitle "EXT 2017"]
[Source "ChessBase"]
[SourceDate "2016.10.25"]
[SourceVersion "1"]
[SourceVersionDate "2016.10.25"]
[SourceQuality "1"]

1. Nf3 Nf6 2. c4 c5 3. g3 Nc6 4. Bg2 g6 5. b3 Bg7 6. Bb2 0-0 7. 0-0 d5 8. d3 Rb8 9. Na3 d4 10. Nc2 b6 11. b4 a5 12. b5 Na7 13. e3 dxe3 14. Nxe3 Bb7 15. Qe2 Qc7 16. Rfe1 Nd7 17. Ng4 h5 18. Nge5 Nxe5 19. Nxe5 Bxg2 20. Kxg2 Rbd8 21. Rad1 Rd6 22. d4 1/2-1/2

[Event "CZE-chT U20 final-B 0910"]
[Site "Pavla Vlachovice"]
[Date "2010.04.25"]
[Round "11.3"]
[White "Hodan, Jiri"]
[Black "Fusek, Lukas"]
[Result "1/2-1/2"]
[WhiteElo "1467"]
[BlackElo "1796"]
[PlyCount "74"]
[EventDate "2010.04.23"]
[EventType "team-tourn"]
[EventRounds "11"]
[EventCountry "CZE"]
[SourceTitle "EXT 2011"]
[Source "ChessBase"]
[SourceDate "2010.11.26"]
[SourceVersion "1"]
[SourceVersionDate "2010.11.26"]
[SourceQuality "1"]
[WhiteTeam "Plzen (U20)"]
[BlackTeam "Stare Mesto (U20)"]
[WhiteTeamCountry "CZE"]
[BlackTeamCountry "CZE"]

1. e4 e5 2. Nf3 Nc6 3. d4 exd4 4. Nxd4 Bc5 5. Be3 Bb6 6. c3 d6 7. Bc4 Nf6 8. Nd2 Ng4 9. 0-0 Nxe3 10. fxe3 0-0 11. a4 a6 12. Rf4 Ne5 13. Qb3 Qg5 14. N2f3 Qg6 15. Rf1 Nxc4 16. Qxc4 Be6 17. Qe2 Bd7 18. b3 Rae8 19. Nh4 Qg5 20. Qf2 f6 21. Qe2 Bxd4 22. exd4 d5 23. Nf5 Rxe4 24. Rxe4 dxe4 25. Qxe4 Bxf5 26. Qd5+ Kh8 27. Rxf5 Qc1+ 28. Rf1 Qxc3 29. Qxb7 Qxd4+ 30. Rf2 Re8 31. g3 Qb6 32. Qf3 Rb8 33. Qf4 c5 34. Qc4 h6 35. Rf3 Qd6 36. Rd3 Qe5 37. Qxa6 Qe1+ 1/2-1/2

[Event "CZE-chTW U20 0910"]
[Site "Czech Republic"]
[Date "2010.01.23"]
[Round "7.3"]
[White "Hanzlik, Daniel"]
[Black "Hodan, Jiri"]
[Result "1/2-1/2"]
[WhiteElo "1681"]
[BlackElo "1467"]
[PlyCount "51"]
[EventDate "2009.10.03"]
[EventType "team-tourn"]
[EventRounds "7"]
[EventCountry "CZE"]
[SourceTitle "EXT 2011"]
[Source "ChessBase"]
[SourceDate "2010.11.26"]
[SourceVersion "1"]
[SourceVersionDate "2010.11.26"]
[SourceQuality "1"]
[WhiteTeam "Most (U20)"]
[BlackTeam "Plzen (U20)"]
[WhiteTeamCountry "CZE"]
[BlackTeamCountry "CZE"]

1. e4 c5 2. Nf3 Nc6 3. d4 cxd4 4. Nxd4 Nf6 5. Nc3 e5 6. Nxc6 bxc6 7. Bc4 Bb4 8. Bg5 Qa5 9. 0-0 Bxc3 10. Bxf6 gxf6 11. bxc3 Qxc3 12. Bb3 h5 13. Qd6 Rh6 14. Rad1 a5 15. f4 Rg6 16. fxe5 Qe3+ 17. Kh1 Qe2 18. Bxf7+ Kxf7 19. Rxf6+ Rxf6 20. Qxf6+ Kg8 21. Qg6+ Kf8 22. Qh6+ Kg8 23. Qg5+ Kf7 24. Qf6+ Kg8 25. Rf1 Ba6 26. Qg5+ 1/2-1/2

[Event "CZE Czechia-ch U16"]
[Site "Harrachov"]
[Date "2009.10.29"]
[Round "7"]
[White "Tresnak, Filip"]
[Black "Hodan, Jiri"]
[Result "1-0"]
[WhiteElo "1838"]
[BlackElo "1467"]
[PlyCount "49"]
[EventDate "2009.10.24"]
[EventType "swiss"]
[EventRounds "9"]
[EventCountry "CZE"]
[SourceTitle "EXT 2012"]
[Source "ChessBase"]
[SourceDate "2011.11.24"]
[SourceVersion "1"]
[SourceVersionDate "2011.11.24"]
[SourceQuality "1"]

1. e4 c5 2. Nf3 d6 3. d4 cxd4 4. Nxd4 Nf6 5. Nc3 g6 6. f3 Bg7 7. Be3 0-0 8. Qd2 a6 9. 0-0-0 Bd7 10. Kb1 Nc6 11. Be2 Rc8 12. g4 b5 13. Rdg1 Ne5 14. h4 Nc4 15. Bxc4 Rxc4 16. Nf5 Re8 17. h5 Be6 18. hxg6 fxg6 19. g5 Nd7 20. Nxg7 Kxg7 21. Bd4+ Kg8 22. Rxh7 Ne5 23. Qh2 Bh3 24. Qxh3 Rxd4 25. Qh6 1-0